| 000 | 00401nam a2200145Ia 4500 | ||
|---|---|---|---|
| 005 | 20260328104338.0 | ||
| 008 | 260328s9999||||xx |||||||||||||| ||und|| | ||
| 100 | _aMikellides, Byron | ||
| 245 | 0 |
_aArchitecture for People : _b Explorations in a New Humane Environment / _cByron Mikellides |
|
| 250 | _a5a ed. | ||
| 260 | _bHolt McDougal | ||
| 300 | _a192 p. | ||
| 650 | _aARQUITECTURA | ||
| 942 | _cBK | ||
| 999 |
_c12002 _d12002 |
||